Catálogo Biblioteca Central

Tutela e valorizzazione dei beni culturali dopo la riforma del Titolo V alla luce della giurisprudenza costituzionle (Registro nro. 174846)

Detalles MARC
000 -CABECERA
campo de control de longitud fija 00687naa a2200193 4500
001 - NÚMERO DE CONTROL
campo de control 174846
003 - IDENTIFICADOR DEL NÚMERO DE CONTROL
campo de control ES-MaBCM
005 - FECHA Y HORA DE LA ÚLTIMA TRANSACCIÓN
campo de control 20241016192021.0
008 - CÓDIGOS DE INFORMACIÓN DE LONGITUD FIJA
campo de control de longitud fija 100208s2008 ita|r0p 0 ||ita d
021 ## -
-- xx
035 ## - NÚMERO DE CONTROL DEL SISTEMA
Número de control de sistema (OCoLC)1365173207
040 ## - FUENTE DE LA CATALOGACIÓN
Centro transcriptor ES-MaBCM
100 1# - PUNTO DE ACCESO PRINCIPAL - NOMBRE DE PERSONA
Nombre de persona Bianchi, Costanza
9 (RLIN) 89547
245 10 - MENCIÓN DE TÍTULO
Título Tutela e valorizzazione dei beni culturali dopo la riforma del Titolo V alla luce della giurisprudenza costituzionle
Mención de responsabilidad etc. Costanza Bianchi
650 #7 - PUNTO DE ACCESO ADICIONAL DE MATERIA--TÉRMINO DE MATERIA
Término de materia o nombre geográfico como elemento inicial Bien cultural
9 (RLIN) 57749
651 24 - PUNTO DE ACCESO ADICIONAL DE MATERIA--NOMBRE GEOGRÁFICO
Nombre geográfico Italia
9 (RLIN) 115380
773 0# - ENLACE AL DOCUMENTO FUENTE
Encabezamiento principal En:
Título Nuova rassegna di legislazione, dottrina e giurisprudenza
Lugar editor y fecha de publicación Firenze
Número de control del registro relacionado 104476
Parte(s) relacionada(s) Anno LXXXII, n. 13-14 (luglio 2008), p. 1453-1467
942 ## - ELEMENTOS DE PUNTO DE ACCESO ADICIONAL (KOHA)
Tipo de ítem Koha Artículos de revistas
Existencias
Estado de retiro Estado de pérdida Estado dañado No para préstamo Localización permanente Ubicación/localización actual Fecha de adquisición Precio válido a partir de Tipo de ítem Koha
        Biblioteca Central del Ministerio de la Presidencia Biblioteca Central del Ministerio de la Presidencia 21/04/2012 21/04/2012 Artículos de revistas